000 00596nam a22002177a 4500
008 150601b xxu||||| |||| 00| 0 eng d
020 _a0256100209
041 0 _aeng
080 _a338
100 1 _aBateman, Thomas S.
245 1 0 _aManagement :
_cThomas S. Bateman, Carl P. Zeithaml.
250 _a2nd ed.
260 _aHomewood, IL :
_bIrwin,
_cc1993.
300 _a662, [47] f. :
_bme il.;
_c29 cm.
500 _aPreface: f.III
505 _aIndex: f.NI-1 - SI-14
650 0 _aOrganizimi
650 0 _aUdhëheqja
700 1 _aZeithaml, Carl P.
942 _2udc
_cBK
999 _c950
_d950